<?xml version="1.0" encoding="UTF-8"?>
<record
    xmlns:xsi="http://www.w3.org/2001/XMLSchema-instance"
    xsi:schemaLocation="http://www.loc.gov/MARC21/slim http://www.loc.gov/standards/marcxml/schema/MARC21slim.xsd"
    xmlns="http://www.loc.gov/MARC21/slim">

  <leader>01516nam a22002777a 4500</leader>
  <controlfield tag="003">NALT</controlfield>
  <controlfield tag="005">20251030141925.0</controlfield>
  <controlfield tag="008">      s2549    th                  tha d</controlfield>
  <datafield tag="020" ind1=" " ind2=" ">
    <subfield code="a">9744493089</subfield>
  </datafield>
  <datafield tag="040" ind1=" " ind2=" ">
    <subfield code="a">NALT</subfield>
  </datafield>
  <datafield tag="041" ind1=" " ind2=" ">
    <subfield code="a">tha</subfield>
  </datafield>
  <datafield tag="090" ind1=" " ind2=" ">
    <subfield code="a">KE 143.4 </subfield>
    <subfield code="b">&#xE19;641&#xE01; 2549</subfield>
  </datafield>
  <datafield tag="100" ind1="0" ind2=" ">
    <subfield code="a">&#xE19;&#xE34;&#xE22;&#xE21; &#xE23;&#xE31;&#xE10;&#xE2D;&#xE21;&#xE24;&#xE15;</subfield>
    <subfield code="9">9490</subfield>
  </datafield>
  <datafield tag="245" ind1="1" ind2="0">
    <subfield code="a">&#xE01;&#xE23;&#xE30;&#xE1A;&#xE27;&#xE19;&#xE01;&#xE32;&#xE23;&#xE44;&#xE15;&#xE48;&#xE2A;&#xE27;&#xE19;&#xE41;&#xE25;&#xE30;&#xE01;&#xE32;&#xE23;&#xE16;&#xE2D;&#xE14;&#xE16;&#xE2D;&#xE19;&#xE1C;&#xE39;&#xE49;&#xE14;&#xE33;&#xE23;&#xE07;&#xE15;&#xE33;&#xE41;&#xE2B;&#xE19;&#xE48;&#xE07;&#xE43;&#xE19;&#xE23;&#xE30;&#xE14;&#xE31;&#xE1A;&#xE2A;&#xE39;&#xE07; : </subfield>
    <subfield code="b">&#xE43;&#xE19;&#xE2D;&#xE33;&#xE19;&#xE32;&#xE08;&#xE2B;&#xE19;&#xE49;&#xE32;&#xE17;&#xE35;&#xE48;&#xE02;&#xE2D;&#xE07; &#xE1B;.&#xE1B;.&#xE0A;. /</subfield>
    <subfield code="c">&#xE04;&#xE13;&#xE30;&#xE1C;&#xE39;&#xE49;&#xE27;&#xE34;&#xE08;&#xE31;&#xE22; &#xE19;&#xE34;&#xE22;&#xE21; &#xE23;&#xE31;&#xE10;&#xE2D;&#xE21;&#xE24;&#xE15; ... [&#xE41;&#xE25;&#xE30;&#xE04;&#xE19;&#xE2D;&#xE37;&#xE48;&#xE19; &#xE46;].</subfield>
  </datafield>
  <datafield tag="260" ind1=" " ind2=" ">
    <subfield code="a">&#xE19;&#xE19;&#xE17;&#xE1A;&#xE38;&#xE23;&#xE35; : </subfield>
    <subfield code="b">&#xE2A;&#xE16;&#xE32;&#xE1A;&#xE31;&#xE19;&#xE1E;&#xE23;&#xE30;&#xE1B;&#xE01;&#xE40;&#xE01;&#xE25;&#xE49;&#xE32;, </subfield>
    <subfield code="c">2549</subfield>
  </datafield>
  <datafield tag="300" ind1=" " ind2=" ">
    <subfield code="a">304 &#xE2B;&#xE19;&#xE49;&#xE32; :</subfield>
    <subfield code="b">&#xE41;&#xE1C;&#xE19;&#xE20;&#xE39;&#xE21;&#xE34;, &#xE15;&#xE32;&#xE23;&#xE32;&#xE07; ;</subfield>
    <subfield code="c">26 &#xE0B;&#xE21;.</subfield>
  </datafield>
  <datafield tag="650" ind1=" " ind2="4">
    <subfield code="a">&#xE01;&#xE32;&#xE23;&#xE16;&#xE2D;&#xE14;&#xE16;&#xE2D;&#xE19;</subfield>
    <subfield code="z">&#xE44;&#xE17;&#xE22;</subfield>
    <subfield code="9">66835</subfield>
  </datafield>
  <datafield tag="650" ind1=" " ind2="4">
    <subfield code="a">&#xE01;&#xE32;&#xE23;&#xE44;&#xE15;&#xE48;&#xE2A;&#xE27;&#xE19; </subfield>
    <subfield code="z">&#xE44;&#xE17;&#xE22;</subfield>
    <subfield code="9">43471</subfield>
  </datafield>
  <datafield tag="653" ind1=" " ind2="4">
    <subfield code="a">&#xE01;&#xE32;&#xE23;&#xE44;&#xE15;&#xE48;&#xE2A;&#xE27;&#xE19;&#xE40;&#xE1E;&#xE37;&#xE48;&#xE2D;&#xE16;&#xE2D;&#xE14;&#xE16;&#xE2D;&#xE19;</subfield>
  </datafield>
  <datafield tag="653" ind1=" " ind2="4">
    <subfield code="a">&#xE1C;&#xE39;&#xE49;&#xE14;&#xE33;&#xE23;&#xE07;&#xE15;&#xE33;&#xE41;&#xE2B;&#xE19;&#xE48;&#xE07;&#xE43;&#xE19;&#xE23;&#xE30;&#xE14;&#xE31;&#xE1A;&#xE2A;&#xE39;&#xE07; -- &#xE01;&#xE32;&#xE23;&#xE44;&#xE15;&#xE48;&#xE2A;&#xE27;&#xE19;&#xE41;&#xE25;&#xE30;&#xE16;&#xE2D;&#xE14;&#xE16;&#xE2D;&#xE19; -- &#xE27;&#xE34;&#xE08;&#xE31;&#xE22;</subfield>
  </datafield>
  <datafield tag="653" ind1=" " ind2="4">
    <subfield code="a">&#xE01;&#xE32;&#xE23;&#xE1F;&#xE49;&#xE2D;&#xE07;&#xE40;&#xE08;&#xE49;&#xE32;&#xE1E;&#xE19;&#xE31;&#xE01;&#xE07;&#xE32;&#xE19;&#xE23;&#xE30;&#xE14;&#xE31;&#xE1A;&#xE2A;&#xE39;&#xE07;&#xE02;&#xE2D;&#xE07;&#xE23;&#xE31;&#xE10;</subfield>
  </datafield>
  <datafield tag="700" ind1="0" ind2=" ">
    <subfield code="a">&#xE2A;&#xE21;&#xE34;&#xE2B;&#xE23;&#xE32; &#xE08;&#xE34;&#xE15;&#xE15;&#xE25;&#xE14;&#xE32;&#xE01;&#xE23;</subfield>
    <subfield code="9">49537</subfield>
  </datafield>
  <datafield tag="700" ind1="0" ind2=" ">
    <subfield code="a">&#xE2D;&#xE38;&#xE14;&#xE21; &#xE23;&#xE31;&#xE10;&#xE2D;&#xE21;&#xE24;&#xE15;</subfield>
    <subfield code="9">18323</subfield>
  </datafield>
  <datafield tag="850" ind1=" " ind2=" ">
    <subfield code="a">NALT</subfield>
  </datafield>
  <datafield tag="942" ind1=" " ind2=" ">
    <subfield code="c">RSH</subfield>
    <subfield code="2">local</subfield>
  </datafield>
  <datafield tag="999" ind1=" " ind2=" ">
    <subfield code="c">49395</subfield>
    <subfield code="d">49395</subfield>
  </datafield>
  <datafield tag="998" ind1=" " ind2=" ">
    <subfield code="j">104</subfield>
    <subfield code="k"> &#xE19;&#xE32;&#xE07;&#xE2A;&#xE32;&#xE27;&#xE2A;&#xE32;&#xE22;&#xE1D;&#xE19;  &#xE14;&#xE35;&#xE07;&#xE32;&#xE21;</subfield>
  </datafield>
  <datafield tag="952" ind1=" " ind2=" ">
    <subfield code="0">0</subfield>
    <subfield code="1">0</subfield>
    <subfield code="2">local</subfield>
    <subfield code="4">0</subfield>
    <subfield code="7">0</subfield>
    <subfield code="8">CRSH</subfield>
    <subfield code="a">NALT</subfield>
    <subfield code="b">NALT</subfield>
    <subfield code="c">RSH</subfield>
    <subfield code="l">0</subfield>
    <subfield code="o">&#xE27; KE 143.4 &#xE19;641&#xE01; 2549</subfield>
    <subfield code="p">3961192133</subfield>
    <subfield code="r">2017-06-09 00:00:00</subfield>
    <subfield code="t">&#xE09;.3</subfield>
    <subfield code="w">2017-06-09</subfield>
    <subfield code="y">RSH</subfield>
  </datafield>
  <datafield tag="952" ind1=" " ind2=" ">
    <subfield code="0">0</subfield>
    <subfield code="1">0</subfield>
    <subfield code="2">local</subfield>
    <subfield code="4">0</subfield>
    <subfield code="7">0</subfield>
    <subfield code="8">CRSH</subfield>
    <subfield code="a">NALT</subfield>
    <subfield code="b">NALT</subfield>
    <subfield code="c">RSH</subfield>
    <subfield code="d">2023-03-03</subfield>
    <subfield code="l">5</subfield>
    <subfield code="m">4</subfield>
    <subfield code="o">&#xE27; KE 143.4 &#xE19;641&#xE01; 2549</subfield>
    <subfield code="p">3961192134</subfield>
    <subfield code="r">2023-05-08 00:00:00</subfield>
    <subfield code="s">2023-04-26</subfield>
    <subfield code="t">&#xE09;.2</subfield>
    <subfield code="w">2017-06-09</subfield>
    <subfield code="y">RSH</subfield>
  </datafield>
  <datafield tag="952" ind1=" " ind2=" ">
    <subfield code="0">0</subfield>
    <subfield code="1">0</subfield>
    <subfield code="2">local</subfield>
    <subfield code="4">0</subfield>
    <subfield code="7">0</subfield>
    <subfield code="8">CRSH</subfield>
    <subfield code="a">NALT</subfield>
    <subfield code="b">NALT</subfield>
    <subfield code="c">RSH</subfield>
    <subfield code="l">0</subfield>
    <subfield code="o">&#xE27; KE 143.4 &#xE19;641&#xE01; 2549</subfield>
    <subfield code="p">3961162413</subfield>
    <subfield code="r">2017-06-09 00:00:00</subfield>
    <subfield code="t">&#xE09;.1</subfield>
    <subfield code="w">2017-06-09</subfield>
    <subfield code="y">RSH</subfield>
  </datafield>
</record>
